|
|
|
|
| LEADER |
00000naa2a2200000 4500 |
| 001 |
619242 |
| 005 |
20231227130807.0 |
| 035 |
|
|
|a (RuTPU)RU\TPU\conf\17659
|
| 035 |
|
|
|a RU\TPU\conf\17658
|
| 090 |
|
|
|a 619242
|
| 100 |
|
|
|a 20160816d2016 k y0rusy50 ba
|
| 101 |
0 |
|
|a eng
|
| 102 |
|
|
|a RU
|
| 105 |
|
|
|a y z 101zy
|
| 135 |
|
|
|a drgn ---uucaa
|
| 181 |
|
0 |
|a i
|
| 182 |
|
0 |
|a b
|
| 200 |
1 |
|
|a Analysis of dose characteristics irradiated (Th, Pu) O[2] for the organization of accounting and control of nuclear materials in the production
|f A. A. Ivanova [et al.]
|
| 203 |
|
|
|a Текст
|c электронный
|
| 225 |
1 |
|
|a Актуальные вопросы ядерного нераспространения, безопасность и экология ядерной отрасли
|
| 300 |
|
|
|a Заглавие с экрана
|
| 320 |
|
|
|a [Библиогр.: с. 174 (2 назв.)]
|
| 463 |
|
0 |
|0 (RuTPU)RU\TPU\conf\17455
|t Физико-технические проблемы в науке, промышленности и медицине
|o сборник тезисов докладов VIII Международной научно-практической конференции, г. Томск, 1-3 июня 2016 г.
|f Национальный исследовательский Томский политехнический университет (ТПУ) ; под ред. О. Ю. Долматова [и др.]
|v [С. 174]
|d 2016
|
| 610 |
1 |
|
|a труды учёных ТПУ
|
| 610 |
1 |
|
|a электронный ресурс
|
| 610 |
1 |
|
|a дозы облучения
|
| 610 |
1 |
|
|a контроль
|
| 610 |
1 |
|
|a ядерные технологии
|
| 610 |
1 |
|
|a нейтронные излучения
|
| 610 |
1 |
|
|a физико-механические модели
|
| 610 |
1 |
|
|a нейтроны
|
| 610 |
1 |
|
|a топливные композиции
|
| 610 |
1 |
|
|a спектральный состав
|
| 610 |
1 |
|
|a метод Монте-Карло
|
| 701 |
|
1 |
|a Ivanova
|b A. A.
|c physicist
|c engineer-researcher of Tomsk Polytechnic University
|f 1986-
|g Anna Aleksandrovna
|3 (RuTPU)RU\TPU\pers\34747
|
| 701 |
|
1 |
|a Ukrainets
|b O. A.
|
| 701 |
|
1 |
|a Bedenko
|b S. V.
|c physicist
|c Associate Professor of Tomsk Polytechnic University, Candidate of physical and mathematical sciences
|f 1980-
|g Sergey Vladimirovich
|3 (RuTPU)RU\TPU\pers\30831
|9 15078
|
| 701 |
|
1 |
|a Zorkin
|b A. I.
|
| 712 |
0 |
2 |
|a Национальный исследовательский Томский политехнический университет (ТПУ)
|b Физико-технический институт (ФТИ)
|b Кафедра теоретической и экспериментальной физики (ТиЭФ)
|b Центр технологий (ЦТ)
|3 (RuTPU)RU\TPU\col\20620
|
| 712 |
0 |
2 |
|a Национальный исследовательский Томский политехнический университет (ТПУ)
|b Физико-технический институт (ФТИ)
|b Кафедра физико-энергетических установок (№ 21) (ФЭУ)
|3 (RuTPU)RU\TPU\col\18730
|
| 801 |
|
2 |
|a RU
|b 63413507
|c 20160826
|g RCR
|
| 856 |
4 |
|
|u http://earchive.tpu.ru/handle/11683/31078
|
| 942 |
|
|
|c BK
|